Design, construction and testing of L-block detached breakwater for coastal rehabilitation /
محفوظ في:
| المؤلف الرئيسي: | |
|---|---|
| التنسيق: | أطروحة كتاب |
| اللغة: | English |
| منشور في: |
2011.
|
| الموضوعات: | |
| الوسوم: |
إضافة وسم
لا توجد وسوم, كن أول من يضع وسما على هذه التسجيلة!
|
| LEADER | 01189cam a2200289 a 4500 | ||
|---|---|---|---|
| 001 | u854357 | ||
| 003 | SIRSI | ||
| 005 | 201204061237 | ||
| 008 | 120406s2011 my a t 000 0 eng m | ||
| 040 | |a UMM |d UMJ | ||
| 090 | |a TA145 |b UMP 2011 Kam | ||
| 097 | |a TA145 |b UMP 2011 Kam | ||
| 100 | 1 | |a Kamali, Babak. | |
| 245 | 1 | 0 | |a Design, construction and testing of L-block detached breakwater for coastal rehabilitation / |c Babak Kamali. |
| 260 | |c 2011. | ||
| 300 | |a xx, 227 leaves : |b ill. ; |c 30 cm. | ||
| 502 | |a Thesis (Ph.D) -- Jabatan Kejuruteraan Awam, Fakulti Kejuruteraan, Universiti Malaya, 2011. | ||
| 504 | |a Bibliography: leaves 153-169. | ||
| 650 | 0 | |a Breakwaters. | |
| 650 | 0 | |a Coastal ecology. | |
| 650 | 0 | |a Engineering geology. | |
| 710 | 2 | |a Universiti Malaya. |b Jabatan Kejuruteraan Awam. | |
| 900 | |a NHS | ||
| 596 | |a 1 7 | ||
| 999 | |a TA145 UMP 2011 KAM |w LC |c 1 |i A514967509 |d 31/1/2015 |e 31/1/2015 |f 1/11/2012 |g 2 |l STACKS |m P01UTAMA |n 2 |r Y |s Y |t TESIS |u 1/11/2012 | ||
| 999 | |a TA145 UMP 2011 KAM |w LC |c 1 |i A515262253 |d 25/5/2016 |e 5/5/2016 |f 4/7/2014 |g 1 |l STACKS |m P07JURUTER |n 1 |r N |s Y |t TESIS |u 12/5/2014 | ||
| 999 | |a TA145 UMP 2011 KAM |w LC |c 2 |i A515842641 |l COUNTER |m P07JURUTER |r N |s Y |t CD |u 3/7/2014 | ||
